La estructura del discurso pedagógico
Сохранить в:
| Главный автор: | |
|---|---|
| Формат: | |
| Язык: | испанский |
| Опубликовано: |
Madrid
Morata
1993
|
| Серии: | Colección Educación Crítica
|
| Предметы: | |
| Метки: |
Добавить метку
Нет меток, Требуется 1-ая метка записи!
|
MARC
| LEADER | 00000nam a2200000 a 4500 | ||
|---|---|---|---|
| 001 | UCO9046 | ||
| 003 | CL-VaPUC | ||
| 008 | 010119e19930000SP |||||||||||||||||spa|d | ||
| 082 | 0 | 4 | |a 401.91 |b BER |2 21 |
| 100 | 0 | |a Bernstein, Basil |e author |9 308636 | |
| 245 | 1 | 3 | |a La estructura del discurso pedagógico |
| 300 | |a v | ||
| 942 | |c BK | ||
| 945 | |d 20010119 00:00:00 |a vberengu | ||
| 260 | |a Madrid |b Morata |c 1993 | ||
| 500 | |a v.4: Clases, códigos y control | ||
| 650 | 7 | |a LENGUAJE Y EDUCACION |2 CL-VaPUC |9 263717 | |
| 650 | 0 | |a Sociolingüística |9 263716 | |
| 650 | 0 | |a Sociología de la educación |9 260380 | |
| 583 | |a last modification |c 20010119 00:00:00 |k Rodrigo Vera | ||
| 490 | 0 | |a Colección Educación Crítica | |
| 999 | |c 293449 |d 293447 | ||